000 00777nam a2200217Ia 4500
003 GCL
005 20240530105247.0
008 140319s9999 xx 000 0 ara d
020 _a9770205770
040 _aGCL /
_cGCL
082 0 4 _a189.9
_bا ف
100 1 _aاحمد محمود صبحى
245 1 0 _aالفلسفة الاخلاقية فى الفكر الاسلامى :
_b العقليون والذوقيون او النظر والعمل /
_cاحمد محمود صبحى
250 _aط2
260 _aالقاهرة :
_bدار المعارف ،
_c1983
300 _a346 ص ؛
_b24 سم
490 _aمكتبة الدراسات الفلسفية
_v0
650 0 4 _aالفلسفة الاسلامية
650 0 4 _aالحضارة الاسلامية
942 _2ddc
_cBK
999 _c54419
_d54419